Tokyo 2020 Olympic Medals - Aquatics - Statistics

General Stats
  • This quiz has been taken 59 times
  • The average score is 19 of 22
Answer Stats
Gold % Correct
Australia
100%
Great Britain
100%
ROC
100%
United States
100%
China
98%
Germany
98%
Italy
98%
Japan
98%
Brazil
95%
Sweden
95%
Canada
93%
Netherlands
93%
France
88%
Hungary
83%
Ukraine
83%
South Africa
76%
Mexico
74%
Denmark
69%
Finland
69%
Switzerland
57%
Tunisia
55%
Hong Kong
45%
No matching quizzes found
Score Distribution
Percent of People with Each Score
Percentile by Number Answered
Your Score History
You have not taken this quiz